TASK BEFORE US SELECTED SPEECHES AND WRITING OF CHOUDHRI MUHAMMAD ALI (Record no. 581768)
[ view plain ]
| 000 -LEADER | |
|---|---|
| fixed length control field | 00299nam a22001097a 4500 |
| 082 ## - DEWEY DECIMAL CLASSIFICATION NUMBER | |
| Classification number | 954.91 TAS'K |
| 100 ## - MAIN ENTRY--PERSONAL NAME | |
| Personal name | KHAN, SALAHUDDIN |
| 9 (RLIN) | 76376 |
| 245 ## - TITLE STATEMENT | |
| Title | TASK BEFORE US SELECTED SPEECHES AND WRITING OF CHOUDHRI MUHAMMAD ALI |
| 260 ## - PUBLICATION, DISTRIBUTION, ETC. | |
| Place of publication, distribution, etc. | LAHORE |
| Name of publisher, distributor, etc. | RESEARCH SOCIETY |
| Date of publication, distribution, etc. | 1974 |
| 300 ## - PHYSICAL DESCRIPTION | |
| Extent | 395P |
| 942 ## - ADDED ENTRY ELEMENTS (KOHA) | |
| Koha item type | Book |
| Withdrawn status | Lost status | Damaged status | Not for loan | Permanent Location | Current Location | Shelving location | Date acquired | Total Checkouts | Full call number | Barcode | Date last seen | Price effective from | Koha item type |
|---|---|---|---|---|---|---|---|---|---|---|---|---|---|
| College of Electrical & Mechanical Engineering (CEME) | College of Electrical & Mechanical Engineering (CEME) | General Stacks | 05/29/2017 | 954.91 TAS'K | CEME-11980 | 06/28/2021 | 06/28/2021 | Book |
